[Event "Mecklenburg VP-ch U18"]
[Site "Greifswald"]
[Date "2003.02.13"]
[Round "2"]
[White "Holst, Sebastian"]
[Black "Neugebauer, Tom"]
[Result "0-1"]
[WhiteElo "1020"]
[BlackElo "1231"]
[PlyCount "86"]
[EventDate "2003.02.??"]
[EventType "swiss"]
[EventRounds "7"]
[EventCountry "GER"]
[SourceTitle "EXT 2005"]
[Source "ChessBase"]
[SourceDate "2004.11.15"]
[SourceVersion "1"]
[SourceVersionDate "2004.11.15"]
[SourceQuality "1"]

1. d4 d5 2. e3 Nf6 3. c4 c6 4. Nc3 Bf5 5. Bd3 Bxd3 6. Qxd3 e6 7. c5 Be7 8. Nf3 Nbd7 9. 0-0 0-0 10. Re1 h6 11. e4 dxe4 12. Nxe4 Nxe4 13. Rxe4 Nxc5 14. Qe2 Nxe4 15. Qxe4 Qd5 16. Qd3 Bf6 17. Bf4 Rfe8 18. Re1 Rad8 19. Re4 c5 20. Be5 Bxe5 21. Rxe5 Qxa2 22. Qb5 cxd4 23. h3 f6 24. Re1 Qd5 25. Qd3 e5 26. Qg6 Qf7 27. Qd3 Rc8 28. Nd2 Re6 29. Nc4 Rec6 30. b3 Qd5 31. Ne3 Qa5 32. Rf1 dxe3 33. Qxe3 Rc3 34. Qd2 Qb6 35. Qa2 Kh8 36. Kh2 Rxb3 37. f4 Rb2 38. Qd5 Qc6 39. Qxc6 Rxc6 40. fxe5 fxe5 41. Rf8+ Kh7 42. Re8 Rc5 43. Kg3 b5 0-1